Mister Mxyzptlk - Portrayals by Picture - Statistics

General Stats
  • This quiz has been taken 4 times
  • The average score is 3 of 9
Answer Stats
Picture Answer % Correct
Howie Mandel
75%
Gilbert Gottfried
50%
Frank Welker
25%
Gilbert Gottfried
25%
Kevin Michael Richardson
25%
Michael J. Pollard
25%
Peter Gadiot
25%
Shanon Weaver
25%
Trent Ford
25%
No matching quizzes found
Score Distribution
Percent of People with Each Score
Percentile by Number Answered
Your Score History
You have not taken this quiz